Mecánica de fluidos

שמור ב:
מידע ביבליוגרפי
מחבר ראשי: Fay, James A (Author)
פורמט: ספר
שפה:ספרדית
יצא לאור: Ciudad de México Continental 1996
נושאים:
תגים: הוספת תג
אין תגיות, היה/י הראשונ/ה לתייג את הרשומה!

MARC

LEADER 00000nam a2200000 a 4500
001 UCO8514
003 CL-VaPUC
008 001215e19960000MX |||||||||||||||||spa|d
082 0 4 |a 532  |b FAY  |2 21 
100 0 |a Fay, James A  |e author  |9 453459 
245 1 0 |a Mecánica de fluidos 
300 |a 604 p 
942 |c BK 
945 |d 20001215 00:00:00  |a cmena 
260 |a Ciudad de México  |b Continental  |c 1996 
650 7 |a ENERGIA DE FLUIDOS  |2 CL-VaPUC  |9 348404 
650 0 |a Líquidos  |9 260946 
650 0 |a Gases  |9 260945 
650 0 |a Hidrodinámica   |9 261326 
650 0 |a Propiedades físicas  |9 342981 
650 0 |a Cinemática  |9 260942 
650 0 |a Dinámica  |9 260136 
583 |a last modification  |c 20001215 00:00:00  |k Rodrigo Vera 
999 |c 293129  |d 293127